Windows NT performance tuning & optimization

Αποθηκεύτηκε σε:
Λεπτομέρειες βιβλιογραφικής εγγραφής
Κύριος συγγραφέας: Gardinier, Kenton
Μορφή: Βιβλίο
Γλώσσα:English
Δημοσίευση: Berkeley : Osborne, McGraw-Hill, c1998
Σειρά:Windows NT professional library
Θέματα:
Ετικέτες: Προσθήκη ετικέτας
Δεν υπάρχουν, Καταχωρήστε ετικέτα πρώτοι!

MARC

LEADER 00000nam a2200000 i 4500
001 1/99184
008 991206s1998 eng d
020 |a 0-07-882496-6 
035 |l 10056786 
040 |a GR-MY-UA  |b gre  |e aacr 
041 0 |a eng 
082 0 |a 005.44769 
100 1 |a Gardinier, Kenton. 
245 1 0 |a Windows NT performance tuning & optimization /  |c Kenton Gardinier 
260 |a Berkeley :   |b Osborne,   |b  McGraw-Hill,   |c c1998 
300 |a xxi, 728 p.;  |b ill.;  |c 24 cm. 
490 1 |a Windows NT professional library 
504 |a Includes index 
650 0 0 |a Operating systems (Computers) 
830 0 |a Windows NT professional library 
852 |a INST  |b CHIOS  |e 19991206  |h 005.44769 GAR  |p 005200019285  |q 005200019285  |t BK  |y 0 
852 |a INST  |b SAMOS  |e 20000309  |h 005.44769 GAR  |p 005300015811  |q 005300015811  |t BK  |y 0 
901 |a BIBL3-2000-1 
901 |a BIBL2-1999-3 
909 |a Σ  |b 072584 
909 |a Χ  |b 070717 
922 |a 3ΕΛΗ  |b 199912  |c ΤΠΕΣ  |d ΠΑΠΑΣΩΤΗΡΙΟΥ 
922 |a 2ΕΛΗ  |b 199911  |c ΤΝΕΥ  |d ΠΑΠΑΣΩΤΗΡΙΟΥ 
950 |a 133-1999-07-20 
950 |a 125-1999-07-15 
970 |a ΓΕΝΟΥΖΟΥ  |b ΧΡΥΣΑΝΘΗ  |z 2000/03/09 
970 |a ΣΠΕΝΤΖΑ  |b ΕΛΕΝΗ  |z 1999/12/10